000 00904nam a22002295i 4500
001 166570
003 ES-MaACL
005 20240524063010.0
008 050919s1862 fr | |||||||| ||fre d
040 _aCAM
_bspa
_cCAM
100 1 _aTurguenev, Ivan Sergueevich,
_d1818-1883
_9133416
245 1 0 _aDimitri Roudine
_b: ; suivi du Journal d'un homme de trop et de Trois rencontres /
_cIvan Tourguenef.
250 _a5e éd.
260 _aParis :
_bJ. Hetzel et C., éditeurs,
_c[s.a.] (
_fImprimerie E. Capiomont et C.)
300 _a341, [2] p. ;
_c19 cm.
596 _aLa BN-Opale plus lo fecha en 1862.
700 1 _aTurguenev, Ivan Sergueevich,
_d1818-1883
_9133416
700 1 _aTurguenev, Ivan Sergueevich,
_d1818-1883
_9133416
710 1 _aHetzel, J. et C.,
_eed.
_9233432
852 _aES-MaACL
_jF-9723
_z-- Enc. hol., conservando la cub. original
999 _c166570
_d166570